| 000 | 01001pam a2200337 a 4500 | ||
|---|---|---|---|
| 999 |
_c6013 _d6013 |
||
| 001 | 015969063 | ||
| 003 | Uk | ||
| 005 | 20260127080509.0 | ||
| 008 | 111109r20122011enk j 000 1 eng d | ||
| 015 |
_aGBB1D1124 _2bnb |
||
| 016 | 7 |
_a015969063 _2Uk |
|
| 020 | _a9780141335674 (pbk.) | ||
| 040 |
_aStDuBDS _beng _cStDuBDS _dUk _dKH8 |
||
| 042 | _aukblcatcopy | ||
| 082 | _aFIC RIO | ||
| 100 | 1 |
_aRiordan, Rick, _eauthor. |
|
| 245 | 1 | 4 |
_aThe throne of fire / _cRick Riordan. |
| 260 |
_aLondon : _bPuffin, _c2012. |
||
| 300 |
_a451 p. ; _c20 cm. |
||
| 336 |
_atext _2rdacontent |
||
| 337 |
_aunmediated _2rdamedia |
||
| 338 |
_avolume _2rdacarrier |
||
| 490 | 0 | _aThe Kane chronicles | |
| 500 | _aOriginally published: New York: Hyperion, 2011; London: Puffin, 2011. | ||
| 500 |
_aFormerly CIP. _5Uk |
||
| 650 | 0 |
_aBrothers and sisters _vJuvenile fiction. |
|
| 650 | 0 |
_aRa (Egyptian deity) _vJuvenile fiction. |
|
| 655 | 0 | _aFantasy fiction. | |
| 655 | 0 | _aChildren's stories. | |
| 942 |
_2ddc _cFIC |
||